(Online Love) (All Lyrics) - Conan Gray - Statistics

General Stats
  • This quiz has been taken 27 times
  • The average score is 58 of 65
Answer Stats
Answer % Correct
city
100%
every
100%
million
100%
my
100%
my
100%
on
100%
only
100%
only
100%
only
100%
pass
100%
seconds
100%
through
100%
You
100%
you
100%
a
95%
a
95%
a
95%
an
95%
and
95%
blue
95%
broken
95%
clock
95%
green
95%
I
95%
I
95%
in
95%
in
95%
like
95%
once
95%
we
95%
block
89%
from
89%
Just
89%
just
89%
living
89%
miles
89%
screen
89%
talk
89%
we're
89%
All
84%
alone
84%
around
84%
at
84%
but
84%
can't
84%
coffee
84%
could've
84%
happened
84%
help
84%
If
84%
imagine
84%
love
84%
maybe
84%
minutes
84%
online
84%
stare
84%
the
84%
weren't
84%
what
84%
another
79%
As
79%
shop
79%
Shining
74%
Yet
74%
still
11%
No matching quizzes found
Score Distribution
Percent of People with Each Score
Percentile by Number Answered
Your Score History
You have not taken this quiz